00802nam a22002537a 45000010005000000030006000050050017000110080041000280200018000690400029000870500014001160820011001301000017001412450073001582500041002312600039002723000056003115050007003675200103003745210018004775210018004956500022005136500013005358365FISKH20250910094043.0250910b cb ||||| |||| 00| 0 eng d a9780763608521 aFISKHbengcFISKHdFISKH aPZ8.V82 O a398.84 aVoce, Louise aRead and share :bOver in the meadow a counting rhyme /cLouise Voce aThis edition first published in 1994 aMassachusetts :bCandlewick,c1994 a26 unnumbered pages :bcolor illustrations ;c23 cm aG  aA counting rhyme describing the activities of various baby animals, from one turtle to ten foxes. 8 a380 bLexile 8 aG bRaz-Plus  2Big bookaRhyming 2Counting